Top 30 most populated countries per square mile - Statistics

General Stats
  • This quiz has been taken 22 times
  • The average score is 20 of 30
Answer Stats
Hint Answer % Correct
7 Vatican
100%
26 Belgium
94%
25 Holland/Netherlands
94%
27 Japan
94%
2 Monaco
94%
10 Bangladesh
83%
15 San Marino
83%
17 South Korea
83%
24 Haiti
78%
3 Singapore
78%
12 Taiwan
78%
6 Bahrain
72%
22 India
72%
8 Maldives
72%
14 Mauritius
72%
16 Nauru
72%
9 Malta
67%
18 Rwanda
67%
30 Sri Lanka
67%
11 Barbados
61%
23 Israel
61%
13 Lebanon
61%
28 Marshall Islands
61%
21 Burundi
56%
19 Comoros
56%
20 Tuvalu
44%
29 Grenada
39%
4 Hong Kong
28%
1 Macau
17%
5 Gibraltar
11%
No matching quizzes found
Score Distribution
Percent of People with Each Score
Percentile by Number Answered
Your Score History
You have not taken this quiz